Sports Quiz

Random Sports or Soccer Quiz

Soccer Players Rainbow Quiz Stats

 Plays Quiz Updated Sep 17, 2019

Score 0/24 Timer 04:00
15 Plays Today
Hint Answer % Correct
Cristiano Ronaldo
97.2%
Lionel Messi
96%
David Beckham
94.5%
Wayne Rooney
94.5%
Pelé
93.6%
Gareth Bale
92.4%
Mesut Özil
90.8%
Neymar
90.3%
Zinedine Zidane
90.2%
Ronaldinho
90.1%
Mohamed Salah
89.8%
Luis Suárez
89.7%
Hint Answer % Correct
Zlatan Ibrahimović
88.8%
Diego Maradona
88.5%
Paul Pogba
87%
Eden Hazard
86.5%
Sergio Ramos
85.9%
Gianluigi Buffon
85.8%
Kevin De Bruyne
84.7%
Sergio Agüero
84.4%
Kaká
83.9%
David de Gea
82.6%
Antoine Griezmann
80.8%
Johan Cruyff
76.2%

You're not logged in!

Compare scores with friends on all Sporcle quizzes.
OR
Log In

Sporcle TV

Today on Sporcle TV


Watch our educational content, quiz creation guides, and fun videos on Sporcle TV.

Show Comments

Extras

Top Quizzes Today


Score Distribution

Your Account Isn't Verified!

In order to create a playlist on Sporcle, you need to verify the email address you used during registration. Go to your Sporcle Settings to finish the process.

Report this User

Report this user for behavior that violates our Community Guidelines.

Details: